Vergleichende Analyse der Methoden der Eingenschдtzung des Personals; Проблемы геологии и освоения недр; Т. 2

Bibliografiske detaljer
Parent link:Проблемы геологии и освоения недр: труды XVIII Международного симпозиума имени академика М. А. Усова студентов и молодых ученых, Томск, 7-11 апреля 2014 г./ Национальный исследовательский Томский политехнический университет (ТПУ), Институт природных ресурсов (ИПР) ; Общество инженеров-нефтяников, международная некоммерческая организация, Студенческий чаптер ; Проблемы геологии и освоения недр, Международный симпозиум ; под ред. А. Ю. Дмитриев.— , 2014
Т. 2.— [P. 785-787]
Hovedforfatter: Pudova E. S.
Corporate Authors: Национальный исследовательский Томский политехнический университет (ТПУ) Институт природных ресурсов (ИПР) Кафедра экономики природных ресурсов (ЭПР), Национальный исследовательский Томский политехнический университет (ТПУ) Институт природных ресурсов (ИПР) Кафедра иностранных языков (ИЯПР)
Andre forfattere: Pozharnickaya O. W. Olga Wjatscheslawovna (научный руководитель), Kogut S. W. Swetlana Waleriewna
Summary:Заглавие с экрана
Sprog:tysk
Udgivet:
Serier:Geology, mining and petroleum engineering
Fag:
Online adgang:http://earchive.tpu.ru/handle/11683/65839
http://www.lib.tpu.ru/fulltext/c/2014/C11/V2/378.pdf
Format: MixedMaterials Electronisk Book Chapter
KOHA link:https://koha.lib.tpu.ru/cgi-bin/koha/opac-detail.pl?biblionumber=608834

MARC

LEADER 00000naa2a2200000 4500
001 608834
005 20231101132527.0
035 |a (RuTPU)RU\TPU\conf\6270 
035 |a RU\TPU\conf\6267 
090 |a 608834 
100 |a 20141015d2014 k y0rusy50 ba 
101 0 |a ger 
102 |a RU 
105 |a y z 100zy 
135 |a drgn ---uucaa 
181 0 |a i  
182 0 |a b 
200 1 |a Vergleichende Analyse der Methoden der Eingenschдtzung des Personals  |f E. S. Pudova  |g Wiss. Ltr. O. W. Pozharnickaya, S. W. Kogut 
203 |a Текст  |c электронный 
225 1 |a Geology, mining and petroleum engineering 
230 |a 1 компьютерный файл (pdf; 679 Kb) 
300 |a Заглавие с экрана 
320 |a [Ref.: p. 786-787 (4 tit.)] 
337 |a Adobe Reader 
461 1 |0 (RuTPU)RU\TPU\conf\5590  |t Проблемы геологии и освоения недр  |o труды XVIII Международного симпозиума имени академика М. А. Усова студентов и молодых ученых, Томск, 7-11 апреля 2014 г.  |o в 2 т.  |f Национальный исследовательский Томский политехнический университет (ТПУ), Институт природных ресурсов (ИПР) ; Общество инженеров-нефтяников, международная некоммерческая организация, Студенческий чаптер ; Проблемы геологии и освоения недр, Международный симпозиум ; под ред. А. Ю. Дмитриев  |d 2014 
463 1 |0 (RuTPU)RU\TPU\conf\5595  |t Т. 2  |v [P. 785-787] 
610 1 |a труды учёных ТПУ 
610 1 |a электронный ресурс 
610 1 |a сравнительный анализ 
610 1 |a персонал 
610 1 |a человеческие ресурсы 
610 1 |a трудовые ресурсы 
610 1 |a мотивация 
610 1 |a трудовые навыки 
700 1 |a Pudova  |b E. S. 
702 1 |a Pozharnickaya  |b O. W.  |c Wirtschaftsfachmann  |c Dozent der Polytechnischen Universität Tomsk, Kandidat der Wirtschaftswissenschafte  |f 1972-  |g Olga Wjatscheslawovna  |2 stltpush  |4 727 
702 1 |a Kogut  |b S. W.  |c Linguist  |c Oberlehrer der Polytechnischen Universität Tomsk  |f 1980-  |g Swetlana Waleriewna  |2 stltpush  |4 727 
712 0 2 |a Национальный исследовательский Томский политехнический университет (ТПУ)  |b Институт природных ресурсов (ИПР)  |b Кафедра экономики природных ресурсов (ЭПР)  |h 3659  |2 stltpush  |3 (RuTPU)RU\TPU\col\18668 
712 0 2 |a Национальный исследовательский Томский политехнический университет (ТПУ)  |b Институт природных ресурсов (ИПР)  |b Кафедра иностранных языков (ИЯПР)  |h 6735  |2 stltpush  |3 (RuTPU)RU\TPU\col\18662 
801 2 |a RU  |b 63413507  |c 20210916  |g RCR 
856 4 |u http://earchive.tpu.ru/handle/11683/65839 
856 4 |u http://www.lib.tpu.ru/fulltext/c/2014/C11/V2/378.pdf 
942 |c BK